000 00645nam a2200181 i 4500
001 2-00335852
003 PPAK
005 20180729135545.0
008 160228s my a|||| ||||| | may d
040 _aPPAK
_beng
_cPPAK
_erda
245 0 0 _aJati :
_bjurnal Jabatan Pengajian Asia Tenggara
264 1 _aKuala Lumpur:
_bJabatan Pengajian Asia Tenggara, Fakulti Sastera dan Sains Sosial, Universiti Malaya,
336 _2rdacontent
_atext
337 _2rdamedia
_aunmediated
338 _2rdacarrier
_avolume
650 1 0 _aSocial sciences -- Asia, Southeastern -- Periodicals. ; Humanities -- Asia, Southeastern -- Periodicals
942 _ddc
_cSR
999 _c168766
_d168766